Statistiken für KFZ Kennzeichen in Deutschland

Klicken Sie hier um das Quiz zu spielen!

Allgemein

  • Dieses Quiz wurde 1.066 mal gespielt
    (1.064 seit der letzten Aktualisierung)
  • Das Durchschnittsergebnis liegt bei 91 aus 698

Antwortstatistiken

AbkürzungStadt oder Region% Korrekt
ACAachen
92%
AAugsburg
88%
BBerlin
86%
DDDresden
75%
DDüsseldorf
74%
FFrankfurt
71%
FFFrankfurt (Oder)
71%
DODortmund
69%
EEssen
67%
HHHansestadt Hamburg
67%
CChemnitz
65%
MMünchen
65%
HBHansestadt Bremen
64%
BOBochum
63%
AAAalen
62%
KKöln
61%
BNBonn
60%
ABAschaffenburg
59%
HHannover
59%
BIBielefeld
57%
DUDuisburg
57%
BADBaden-Baden
55%
LLeipzig
55%
EFErfurt
54%
HROHansestadt Rostock
54%
KIKiel
54%
LROLandkreis Rostock
54%
NNürnberg
54%
FRFreiburg im Breisgau
53%
ROSRostock
53%
CUXCuxhaven
52%
SStuttgart
52%
PPotsdam
51%
BOTBottrop
50%
DADarmstadt
49%
HEIHeide
49%
BRBBrandenburg an der Havel
46%
BSBraunschweig
46%
MZMainz
46%
JJena
45%
CBCottbus
44%
MAMannheim
44%
EMDEmden
42%
BBBöblingen
41%
KAKarlsruhe
41%
MDMagdeburg
41%
ULUlm
41%
BABamberg
40%
CECelle
40%
FLFlensburg
40%
SBSaarbrücken
40%
AURAurich
39%
GEGelsenkirchen
39%
REGRegen
39%
GGera
38%
HLHansestadt Lübeck
38%
MGMönchengladbach
38%
MSMünster
38%
WOBWolfsburg
38%
Göttingen
37%
HAMHamm
37%
LEVLeverkusen
37%
LGLüneburg
37%
HDHeidelberg
36%
KSKassel
36%
PBPaderborn
36%
KOKoblenz
35%
RRegensburg
35%
AICAichach
34%
DAHDachau
34%
Fürth
34%
OSOsnabrück
34%
SNSchwerin
34%
WWuppertal
34%
Altötting
33%
AMAmberg
33%
HALHalle (Saale)
33%
OLOldenburg
33%
Würzburg
33%
BTBayreuth
32%
COCoburg
32%
INIngolstadt
32%
LDKLahn-Dill-Kreis
32%
LULudwigshafen am Rhein
32%
TRTrier
32%
WIWiesbaden
32%
OBOberhausen
31%
ZZwickau
31%
AZAlzey
30%
ANAnsbach
30%
GLBergisch Gladbach
30%
ERErlangen
30%
CLPCloppenburg
29%
COECoesfeld
29%
DEGDeggendorf
29%
BITBitburg
28%
CHACham
28%
DNDüren
28%
KRKrefeld
28%
OFOffenbach
28%
ANAAnnaberg-Buchholz
27%
COCCochem
27%
FDFulda
27%
HAHagen
27%
AWAhrweiler
26%
AIBBad Aibling
26%
CWCalw
26%
KLKaiserslautern
26%
PAPassau
26%
BORBorken
25%
ELEmsland
25%
ESEsslingen am Neckar
25%
GIGießen
25%
NENeuss
25%
RERecklinghausen
25%
DELDelmenhorst
24%
EUEuskirchen
24%
Lörrach
24%
ABGAltenburg
23%
BZBautzen
23%
BGDBerchtesgaden
23%
DINDinslaken
23%
HNHeilbronn
23%
HERHerne
23%
AUAue
22%
BTFBitterfeld
22%
BDBund
22%
CASCastrop-Rauxel
22%
GTGütersloh
22%
LBLudwigsburg
22%
MHMülheim an der Ruhr
22%
SISiegen
22%
SGSolingen
22%
BMBergheim
21%
BCBiberach an der Riß
21%
EAEisenach
21%
ERZErzgebirge
21%
FÜSFüssen
21%
KNKonstanz
21%
MRMarburg
21%
PFPforzheim
21%
RORosenheim
21%
APApolda
20%
BINBingen am Rhein
20%
DLGDillingen an der Donau
20%
DGFDingolfing
20%
GRGörlitz
20%
HDHHeidenheim an der Brenz
20%
KLEKleve
20%
AHAhaus
19%
AKAltenkirchen (Westerwald)
19%
ABIAnhalt-Bitterfeld
19%
ANKAnklam
19%
HGBad Homburg vor der Höhe
19%
FNFriedrichshafen
19%
HIHildesheim
19%
HOHof
19%
LIPLippe
19%
MKMark
19%
MEMettmann
19%
MIMinden
19%
NEANeustadt an der Aisch
19%
NEWNeustadt an der Waldnaab
19%
NWNeustadt an der Weinstraße
19%
NECNeustadt bei Coburg
19%
NUNeu-Ulm
19%
Tübingen
19%
VRVorpommern, Rügen
19%
BOHBocholt
18%
BRGBurg (bei Magdeburg)
18%
DEDessau
18%
ECKEckernförde
18%
EDErding
18%
HUHanau
18%
MMMemmingen
18%
RSRemscheid
18%
RTReutlingen
18%
RÜGRügen
18%
ARNArnstadt
17%
BARBarnim
17%
DONDonauwörth
17%
EIEichstätt
17%
FFBFürstenfeldbruck
17%
GAPGarmisch-Partenkirchen
17%
GPGöppingen
17%
KEKempten (Allgäu)
17%
RVRavensburg
17%
VGVorpommern, Greifswald
17%
WEWeimar
17%
WESWesel
17%
WHVWilhelmshaven
17%
ALZAlzenau
16%
DAUDaun
16%
GWGreifswald
16%
HMHameln
16%
HGWHansestadt Greifswald
16%
HOMHomburg
16%
LDLandau in der Pfalz
16%
LILindau (Bodensee)
16%
WOWorms
16%
ASLAschersleben
15%
ERKErkelenz
15%
FDBFriedberg
15%
FBFriedberg (Hessen)
15%
GSGoslar
15%
GTHGotha
15%
MOMoers
15%
SLSSaarlouis
15%
STDStade
15%
UNUnna
15%
VIEViersen
15%
WITWitten
15%
DÜWBad Dürkheim an der Weinstraße
14%
BIRBirkenfeld
14%
FGFreiberg
14%
FDSFreudenstadt
14%
HSTHansestadt Stralsund
14%
HFHerford
14%
LPLippstadt
14%
MTKMain-Taunus-Kreis
14%
MEIMeißen
14%
SZSalzgitter
14%
SPSpeyer
14%
DBRBad Doberan
13%
BLBalingen
13%
BRABrake
13%
DHDiepholz
13%
EBEEbersberg
13%
EILEisleben
13%
EEElbe-Elster
13%
EMEmmendingen
13%
ENEnnepe
13%
FSFreising
13%
JÜLJülich
13%
LERLeer (Ostfriesland)
13%
LMLimburg an der Lahn
13%
LÜNLünen
13%
OAOberallgäu
13%
OGOffenburg
13%
OEOlpe
13%
PLÖPlön
13%
SWSchweinfurt
13%
ALFAlfeld (Leine)
12%
BGLBerchtesgadener Land
12%
BKSBernkastel-Kues
12%
Börde
12%
CRCrailsheim
12%
DANDannenberg (Elbe)
12%
FRIFriesland
12%
GLAGladbeck
12%
GGGroß-Gerau
12%
GZGünzburg
12%
HWIHansestadt Wismar
12%
HSKHochsauerlandkreis
12%
HXHöxter
12%
LWLLudwigslust
12%
MYMayen
12%
PIPinneberg
12%
PSPirmasens
12%
PLPlauen
12%
TDOTorgau, Delitzsch, Oschatz
12%
TUTTuttlingen
12%
WISWismar
12%
ANGAngermünde
11%
EMSBad Ems
11%
TÖLBad Tölz
11%
BERBernau bei Berlin
11%
BBGBernburg (Saale)
11%
BÜDBüdingen
11%
FOForchheim
11%
MKKMain-Kinzig-Kreis
11%
NMSNeumünster
11%
NFNordfriesland
11%
SOSoest
11%
VVogtland
11%
WRNWaren (Müritz)
11%
BNABorna
10%
YBundeswehr
10%
BLKBurgenlandkreis
10%
BÜSBüsingen
10%
CLZClausthal-Zellerfeld
10%
DUDDuderstadt
10%
EWEberswalde
10%
EICEichsfeld
10%
ERBErbach
10%
ESWEschwege
10%
HVLHavelland
10%
HSHeinsberg
10%
KELKehl
10%
LALandshut
10%
NKNeunkirchen
10%
OALOstallgäu
10%
PIRPirna
10%
QLBQuedlinburg
10%
RARastatt
10%
RHRoth
10%
STAStarnberg
10%
VECVechta
10%
VSVillingen-Schwenningen
10%
ZWZweibrücken
10%
ASAmberg-Sulzbach
9%
AZEAnhalt-Zerbst
9%
ARTArtern
9%
AEAuerbach/Vogtl.
9%
BKBacknang
9%
BEBeckum
9%
BCHBuchen (Odenwald)
9%
BPBundespolizei
9%
DZDelitzsch
9%
DIDieburg
9%
DIZDiez
9%
DILDillenburg
9%
FRGFreyung-Grafenau
9%
GMGummersbach
9%
HZHarz
9%
KYFKyffhäuser
9%
MBMiesbach
9%
NBNeubrandenburg
9%
PEPeine
9%
SLSchleswig
9%
SHASchwäbisch Hall
9%
SUSiegburg
9%
SHLSuhl
9%
TSTraunstein
9%
ASZAue-Schwarzenberg
8%
BLBBad Berleburg
8%
BHBühl
8%
DKBDinkelsbühl
8%
EBEilenburg
8%
EINEinbeck
8%
IZItzehoe
8%
MZGMerzig
8%
MILMiltenberg
8%
MONMonschau
8%
NRNeuwied am Rhein
8%
NORNorden
8%
RDRendsburg
8%
STSteinfurt
8%
SRStraubing
8%
TBBTauberbischofsheim
8%
WAFWarendorf
8%
ZELZell (Mosel)
8%
KHBad Kreuznach
7%
BIDBiedenkopf
7%
BIWBischofswerda
7%
BEDBrand-Erbisdorf
7%
BRVBremervörde
7%
BÜRBüren
7%
CACalau
7%
DMDemmin
7%
DWDippoldiswalde
7%
DLDöbeln
7%
EBNEbern
7%
ERHErlangen-Höchstadt
7%
GRZGreiz
7%
LLLandsberg am Lech
7%
LÖBLöbau
7%
PAFPfaffenhofen an der Ilm
7%
ROFRotenburg an der Fulda
7%
ROWRotenburg an der Wümme
7%
RWRottweil
7%
SMSchmalkalden-Meiningen
7%
SIGSigmaringen
7%
SDLStendal
7%
WNDSt. Wendel
7%
WTWaldshut-Tiengen
7%
WENWeiden in der Oberpfalz
7%
WZWetzlar
7%
WBWittenberg
7%
ZIZittau
7%
ATAltentreptow
6%
BRKBad Brückenau
6%
BRLBraunlage
6%
BULBurglengenfeld
6%
BFBurgsteinfurt
6%
BÜZBützow
6%
EBSEbermannstadt
6%
EGEggenfelden
6%
FLÖFlöha
6%
FTFrankenthal (Pfalz)
6%
GKGeilenkirchen
6%
GFGifhorn
6%
GVGrevenbroich
6%
HBSHalberstadt
6%
ILIlmenau
6%
KFKaufbeuren
6%
KÖTKöthen (Anhalt)
6%
LAULauf an der Pegnitz
6%
MSPMain-Spessart
6%
MQMerseburg-Querfurt
6%
MOSMosbach
6%
MÜRMüritz
6%
NMNeumarkt in der Oberpfalz
6%
NINienburg/Weser
6%
NDHNordhausen
6%
NOHNordhorn
6%
NOMNortheim
6%
OHVOberhavel
6%
PCHParchim
6%
PRÜPrüm
6%
ROTRothenburg ob der Tauber
6%
GDSchwäbisch Gmünd
6%
IGBSt. Ingbert
6%
UMUckermark
6%
UEUelzen
6%
VERVerden (Aller)
6%
VKVölklingen
6%
WNWaiblingen
6%
WWWesterwald
6%
WTMWittmund
6%
WFWolfenbüttel
6%
ZZZeitz
6%
HEFBad Hersfeld
5%
KGBad Kissingen
5%
SEBad Segeberg
5%
BYLBayerischer Landtag
5%
BWBundes-Wasser- und Schifffahrtsverwaltung
5%
FEUFeuchtwangen
5%
FKBFrankenberg
5%
FTLFreital
5%
GERGermersheim
5%
HEHelmstedt
5%
KEHKelheim
5%
KTKitzingen
5%
KCKronach
5%
KUKulmbach
5%
KÜNKünzelsau
5%
KUSKusel
5%
LOSLandkreis Oder-Spree
5%
LEOLeonberg
5%
MSTMecklenburg-Strelitz
5%
MERMerseburg
5%
Mühldorf am Inn
5%
NMBNaumburg (Saale)
5%
OSLOberspreewald-Lausitz
5%
RÜDRüdesheim am Rhein
5%
SLFSaalfeld/Saale
5%
TFTeltow-Fläming
5%
TOTorgau-Oschatz
5%
WUNWunsiedel
5%
EISEisenberg
4%
ESBEschenbach in der Oberpfalz
4%
FIFinsterwalde
4%
FORForst (Lausitz)
4%
GRMGrimma
4%
Güstrow
4%
HASHaßfurt
4%
HPHeppenheim (Bergstraße)
4%
HYHoyerswerda
4%
ILLIllertissen
4%
JLJerichower Land
4%
LRLahr/Schwarzwald
4%
LDSLandkreis Dahme-Spreewald
4%
LIFLichtenfels
4%
MYKMayen-Koblenz
4%
MGNMeiningen
4%
MNMindelheim
4%
NAUNauen
4%
NDNeuburg an der Donau
4%
NZNeustrelitz
4%
NRWNordrhein-Westfalen
4%
OHZOsterholz-Scharmbeck
4%
OHAOsterode am Harz
4%
OHOstholstein
4%
OPROstprignitz-Ruppin
4%
PANPfarrkirchen
4%
RIERiesa
4%
SAWSalzwedel
4%
SHGSchaumburg oder Stadthagen
4%
SCSchwabach
4%
SADSchwandorf
4%
SONSonneberg
4%
THWTechnisches Hilfswerk
4%
TIRTirschenreuth
4%
TGTorgau
4%
VBVogelsberg
4%
WATWattenscheid
4%
WMWeilheim in Oberbayern
4%
WUGWeißenburg in Bayern
4%
WRWernigerode
4%
WLWinsen (Luhe)
4%
WILWittlich
4%
BWLBaden-Württembergischer Landtag
3%
GELGeldern
3%
GCGlauchau
3%
GUNGunzenhausen
3%
HCHHechingen
3%
HBNHildburghausen
3%
HOLHolzminden
3%
HORHorb
3%
XInternational
3%
KKKempen-Krefeld
3%
KBKorbach
3%
LFLaufen
3%
MOLMärkisch-Oderland
3%
MHLMühlhausen/Thüringen
3%
NPNeuruppin
3%
Nördlingen
3%
NTNürtingen
3%
PMPotsdam-Mittelmark
3%
PRPrignitz
3%
QFTQuerfurt
3%
RZRatzeburg
3%
SKSaalekreis
3%
SABSaarburg
3%
SÖMSömmerda
3%
SPNSpree-Neiße
3%
SÜWSüdliche Weinstraße
3%
UHUnstrut-Hainich
3%
VAIVaihingen an der Enz
3%
ZEZerbst/Anhalt
3%
FRWBad Freienwalde (Oder)
2%
MGHBad Mergentheim
2%
ODBad Oldesloe
2%
BBLBrandenburgische Landesregierung
2%
FZFritzlar
2%
GNGelnhausen
2%
GRAGrafenau
2%
GMNGrimmen
2%
GUBGuben
2%
HKHeidekreis
2%
HRHomberg (Efze)
2%
IKIlm-Kreis
2%
KIBKirchheimbolanden
2%
KWKönigs Wusterhausen
2%
LSALand Sachsen-Anhalt
2%
LNLübben
2%
LHLüdinghausen
2%
MSHMansfeld-Südharz
2%
MABMarienberg
2%
MODMarktoberdorf
2%
MSEMecklenburgische Seenplatte
2%
MWMittweida
2%
NAINaila
2%
NVPNordvorpommern
2%
NWMNordwestmecklenburg
2%
ÖHRÖhringen
2%
OZOschatz
2%
OCOschersleben (Bode)
2%
PEGPegnitz
2%
PZPrenzlau
2%
RPRhein-Pfalz
2%
RURudolstadt
2%
SHKSaale-Holzland-Kreis
2%
SOKSaale-Orla-Kreis
2%
GOASankt Goar
2%
SOBSchrobenhausen
2%
SZBSchwarzenberg
2%
SDTSchwedt/Oder
2%
SFBSenftenberg
2%
SIMSimmern/Hunsrück
2%
SULSulzbach-Rosenberg
2%
WAWaldeck
2%
WANWanne-Eickel
2%
WAKWartburgkreis
2%
WSTWesterstede
2%
WORWolfratshausen
2%
ZPZschopau
2%
GANBad Gandersheim
1%
GRIBad Griesbach im Rottal
1%
KÖZBad Kötzting
1%
LSZBad Langensalza
1%
NESBad Neustadt an der Saale
1%
REIBad Reichenhall
1%
SLZBad Salzungen
1%
SWABad Schwalbach
1%
STEBad Staffelstein
1%
GDBGadebusch
1%
GAGardelegen
1%
GHAGeithain
1%
GNTGenthin
1%
GEOGerolzhofen
1%
GVMGrevesmühlen
1%
GRHGroßenhain
1%
HGNHagenow
1%
HMÜHann. Münden
1%
HIGHeiligenstadt
1%
HEBHersbruck
1%
HIPHilpoltstein
1%
HÖSHöchstadt
1%
HOHHofheim in Unterfranken
1%
HOTHohenstein-Ernstthal
1%
JEJessen (Elster)
1%
KMKamenz
1%
KLZKlötze
1%
KRUKrumbach (Schwaben)
1%
KYKyritz
1%
LSNLandtag Sachsen
1%
LBZLübz
1%
LUPLudwigslust-Parchim
1%
MAIMainburg
1%
MCMalchin
1%
MEDMeldorf
1%
MEGMelsungen
1%
MEKMittlerer Erzgebirgskreis
1%
MTLMuldental
1%
MÜBMünchberg
1%
NABNabburg
1%
NEBNebra (Unstrut)
1%
NYNiesky
1%
OCHOchsenfurt
1%
PWPasewalk
1%
PNPößneck
1%
RNRathenow
1%
REHRehau
1%
RPLRheinland-Pfälzischer Landtag
1%
RIRinteln
1%
ROKRockenhausen
1%
RODRoding
1%
ROLRottenburg an der Laaber
1%
SALSaarländischer Landtag
1%
SLKSalzlandkreis
1%
SGHSangerhausen
1%
GOHSankt Goarshausen
1%
SLESchleiden
1%
SCZSchleiz
1%
SHSchleswig-Holstein
1%
SOGSchongau
1%
SEBSebnitz
1%
SEESeelow
1%
SELSelb
1%
SDHSondershausen
1%
SPBSpremberg
1%
STLStollberg/Erzgeb.
1%
SRBStrausberg
1%
TETecklenburg
1%
TPTemplin
1%
TETTeterow
1%
UEMUeckermünde
1%
VIBVilsbiburg
1%
WÜMWaldmünchen
1%
WSWasserburg am Inn
1%
WELWeilburg
1%
WSFWeißenfels
1%
WSWWeißwasser
1%
WERWertingen
1%
WKWittstock/Dosse
1%
WIZWitzenhausen
1%
WOLWolfach
1%
WOHWolfhagen
1%
WOSWolfstein
1%
WLGWolgast
1%
WBSWorbis
1%
WURWurzen
1%
ZRZeulenroda
1%
ZIGZiegenhain
1%
KÖNBad Königshofen im Grabfeld
0%
LIBBad Liebenwerda
0%
LBSBad Lobenstein
0%
GHCGräfenhainichen
0%
HCHainichen
0%
HDLHaldensleben
0%
HABHammelburg
0%
HVHavelberg
0%
HELHessischer Landtag
0%
HETHettstedt
0%
HOGHofgeismar
0%
HHMHohenmölsen
0%
KEMKemnath
0%
LCLuckau
0%
MALMallersdorf
0%
MLMansfelder Land
0%
MAKMarktredwitz
0%
MVLMecklenburg-Vorpommerscher Landtag
0%
METMellrichstadt
0%
NHNeuhaus am Rennweg
0%
NENNeunburg vorm Wald
0%
NLNiedersächsischer Landtag
0%
NOLNiederschlesische Oberlausitz
0%
OVIOberviechtach
0%
OVLObervogtland
0%
OKOhrekreis
0%
OPOpladen
0%
OBGOsterburg (Altmark)
0%
PARParsberg
0%
RCReichenbach im Vogtland
0%
RDGRibnitz-Damgarten
0%
RIDRiedenburg
0%
RGRiesa-Großenhain
0%
RMRöbel/Müritz
0%
RLRochlitz
0%
RSLRoßlau (Elbe)
0%
SEFScheinfeld
0%
SLÜSchlüchtern
0%
SLNSchmölln
0%
SBKSchönebeck (Elbe)
0%
SROStadtroda
0%
SANStadtsteinach
0%
SFTStaßfurt
0%
STBSternberg
0%
SBGStrasburg (Uckermark)
0%
THLThüringer Landtag
0%
UFFUffenheim
0%
USIUsingen
0%
VOHVohenstrauß
0%
WZLWanzleben
0%
WDAWerdau
0%
WMSWolmirstedt
0%

Verteilung der Resultate

Perzentil nach korrekt beantworteten Fragen

Anzahl Personen mit jedem Resultat

Ihre Resultats-Entwicklung

Sie haben dieses Quiz seit der letzten Aktualisierung nicht gespielt